[Event "Daro"]
[Site "SchemingMind.com"]
[Date "2016.07.02"]
[Round "-"]
[White "clare1347"]
[Black "David Perna-Fraser"]
[Result "1/2-1/2"]
[WhiteCountry "ENG"]
[BlackCountry "CAN"]
[WhiteElo "2247"]
[WhiteRD "86"]
[BlackElo "2347"]
[BlackRD "68"]
[GameID "400982"]

1. d4 Nf6 2. c4 e6 3. Nf3 Bb4+ 4. Bd2 Bxd2+ 5. Qxd2 b6 6. g3 Ba6 7. Na3 O-O 8. Bg2 Bb7 9. O-O d6 10. Rfd1 Nbd7
11. Rac1 h6 12. Nc2 Ne4 13. Qf4 f5 14. Qh4 Qxh4 15. Nxh4 g5 16. Nf3 Kg7 17. Nd2 Ndf6 18. Nb3 Nd7 19. c5 dxc5 20. dxc5 Ndxc5
21. Ncd4 Nxb3 22. Rxc7+ Kf6 23. Rxb7 Nxd4 24. Rxd4 Nc5 25. Rh7 Kg6 26. Bxa8 Kxh7 27. Bg2 Kg6 28. b4 Na4 29. e4 f4 30. Rd6 Nc3
31. Bh3 fxg3 32. hxg3 Nxe4 33. Rxe6+ Nf6 34. Re7 Rf7 35. Bf5+ Kg7 36. Re6 Rc7 37. Kg2 Kf7 38. Re2 Re7=
1/2-1/2

[Event "Daro"]
[Site "SchemingMind.com"]
[Date "2016.07.06"]
[Round "-"]
[White "Massey Ferguson"]
[Black "Kenny Elliott"]
[Result "1-0"]
[WhiteCountry "ENG"]
[BlackCountry "USA"]
[WhiteElo "2022"]
[WhiteRD "120"]
[BlackElo "1583"]
[BlackRD "92"]
[GameID "401051"]

1. d4 d5 2. c4 dxc4 3. Qa4+ Bd7 4. Qxc4 g6 5. Nf3 Bg7 6. Nbd2 Nf6 7. e4 Bg4 8. Be2 O-O 9. O-O Bxf3 10. Bxf3 Nc6
11. Nb3 Qe8 12. e5 Nd7 13. Bxc6 bxc6 14. Qxc6 Qc8 15. Be3 Nb6 16. Rac1 Qa6 17. a3 Qe2 18. Rc2 Qd3 19. Rc3 Qf5 20. h3 Rfc8
21. Nd2 e6 22. g4
1-0

[Event "Daro"]
[Site "SchemingMind.com"]
[Date "2016.07.06"]
[Round "-"]
[White "Kenny Elliott"]
[Black "Massey Ferguson"]
[Result "0-1"]
[WhiteCountry "USA"]
[BlackCountry "ENG"]
[WhiteElo "1637"]
[WhiteRD "82"]
[BlackElo "2028"]
[BlackRD "122"]
[GameID "401052"]

1. d4 d5 2. c4 c6 3. Nf3 Nf6 4. e3 Bg4 5. Be2 e6 6. O-O Be7 7. Nc3 Nbd7 8. c5 O-O 9. Qc2 b6 10. cxb6 axb6
11. a3 c5 12. dxc5 bxc5 13. a4 Bf5 14. Bd3 Bxd3 15. Qxd3 c4 16. Qc2 Nc5 17. Nd4 Qd7 18. Ncb5 Nfe4 19. b4 cxb3 20. Nxb3 Nxa4
21. N3d4 Nac5 22. Bb2 e5 23. Rxa8 Rxa8 24. Nf5 Bf8 25. Nfd4 exd4 26. Nxd4 Rc8 27. Qe2 Na4 28. Rb1 Rb8 29. Qc2 Rxb2 30. Rxb2 Nxb2
31. Qxb2 Qa4 32. h3 h6 33. Kh2 Bd6+ 34. g3 Be5 35. Qb6 Qa2
0-1

[Event "Daro"]
[Site "SchemingMind.com"]
[Date "2016.07.21"]
[Round "-"]
[White "frankly"]
[Black "dadshane2000"]
[Result "1-0"]
[WhiteCountry "ENG"]
[BlackCountry "USA"]
[WhiteElo "2492"]
[WhiteRD "59"]
[BlackElo "1934"]
[BlackRD "91"]
[GameID "401693"]

1. e4 e5 2. Nf3 Nc6 3. Bb5 a6 4. Ba4 Nf6 5. O-O Nxe4 6. d4 b5 7. Bb3 d5 8. dxe5 Be6 9. Nbd2 Nc5 10. c3 d4
11. Bxe6 Nxe6 12. cxd4 Ncxd4 13. a4 Bc5 14. Ne4 Qd5 15. Nxc5 Nxf3+ 16. Qxf3 Qxf3 17. gxf3 Nxc5 18. axb5 O-O 19. Be3 Nd3 20. bxa6 Nxe5
21. Rfc1 Nxf3+ 22. Kg2 Nh4+ 23. Kh3 Nf5 24. Rxc7 Nxe3 25. fxe3 Rfe8 26. Ra3 g6 27. b4 Re5 28. Rb7 Rae8 29. a7 Rxe3+ 30. Rxe3 Rxe3+
31. Kg2
1-0

[Event "Daro"]
[Site "SchemingMind.com"]
[Date "2016.07.21"]
[Round "-"]
[White "dadshane2000"]
[Black "frankly"]
[Result "0-1"]
[WhiteCountry "USA"]
[BlackCountry "ENG"]
[WhiteElo "1934"]
[WhiteRD "91"]
[BlackElo "2492"]
[BlackRD "59"]
[GameID "401694"]

1. e4 e5 2. Nf3 Nc6 3. Bb5 a6 4. Ba4 Nf6 5. O-O Be7 6. Re1 b5 7. Bb3 O-O 8. c3 d5 9. exd5 Nxd5 10. Nxe5 Nxe5
11. Rxe5 c6 12. d3 Bd6 13. Re1 Bf5 14. Qf3 Re8 15. Rxe8+ Qxe8 16. Nd2 Qe1+ 17. Nf1 Bg6 18. g3 Re8 19. Bd1 Qe7 20. Bd2 Qd7
21. Bc2 Nf6 22. Bb3 Bf8 23. d4 c5 24. dxc5 Be4 25. Qd1 Bc6 26. Ne3 Ba8 27. f3 Bxc5 28. Qe2 Bxf3 29. Qf2 Bc6 30. Rf1 Qa7
0-1

[Event "Daro"]
[Site "SchemingMind.com"]
[Date "2016.10.20"]
[Round "-"]
[White "chesshub"]
[Black "Massey Ferguson"]
[Result "1-0"]
[WhiteCountry "FRA"]
[BlackCountry "ENG"]
[WhiteElo "2627"]
[WhiteRD "81"]
[BlackElo "2077"]
[BlackRD "125"]
[GameID "405186"]

1. d4 Nf6 2. c4 e6 3. Nf3 b6 4. g3 Bb7 5. Bg2 Be7 6. O-O O-O 7. Nc3 Ne4 8. Qc2 Nxc3 9. Qxc3 f5 10. b3 Bf6
11. Bb2 d6 12. Rad1 Nd7 13. Ne1 Bxg2 14. Nxg2 Qe7 15. Qf3 Rab8 16. e4 fxe4 17. Qxe4 e5 18. dxe5 Nxe5 19. f4 Ng6 20. Qd5+ Qf7
21. Bxf6 Qxd5 22. cxd5 Rxf6 23. Rd4 Rf7 24. Rc1 Rc8 25. Rdc4 Rd7 26. Ne3 Ne7 27. Kf2 Kf7 28. Kf3 Kf6 29. g4 b5 30. Re4 a5
31. g5+ Kf7 32. f5 Re8 33. h4 Rc8 34. h5 c5 35. dxc6 Nxc6 36. g6+ hxg6 37. hxg6+ Kf8 38. Rh4 Ne5+ 39. Ke4
1-0

[Event "Daro"]
[Site "SchemingMind.com"]
[Date "2016.10.20"]
[Round "-"]
[White "Massey Ferguson"]
[Black "chesshub"]
[Result "0-1"]
[WhiteCountry "ENG"]
[BlackCountry "FRA"]
[WhiteElo "2132"]
[WhiteRD "120"]
[BlackElo "2560"]
[BlackRD "91"]
[GameID "405187"]

1. e4 c5 2. Nf3 d6 3. d4 cxd4 4. Nxd4 Nf6 5. Nc3 a6 6. Be3 e5 7. Nb3 Be6 8. h3 Be7 9. Qd2 O-O 10. g4 d5
11. g5 d4 12. gxf6 dxe3 13. Qxe3 Bxf6 14. Bd3 Bg5 15. Qe2 Nd7 16. Nd2 Rc8 17. h4 Bf4 18. O-O-O Rxc3 19. bxc3 Qa5 20. Bc4 Qa3+
21. Kb1 Nc5
0-1

[Event "Daro"]
[Site "SchemingMind.com"]
[Date "2016.11.23"]
[Round "-"]
[White "Robert Bruce"]
[Black "frankly"]
[Result "1/2-1/2"]
[WhiteCountry "SCO"]
[BlackCountry "ENG"]
[WhiteElo "2344"]
[WhiteRD "63"]
[BlackElo "2504"]
[BlackRD "58"]
[GameID "406633"]

1. c4 e5 2. g3 d6 3. Nc3 f5 4. d4 Be7 5. Bg2 Nf6 6. Nf3 e4 7. Ng5 c6 8. d5 Na6 9. O-O O-O 10. Nh3 Nc7
11. f3 cxd5 12. cxd5 b5 13. a3 exf3 14. exf3 Nd7 15. Be3 Re8 16. Re1 Ne5 17. Nf4 Bg5 18. Bf2 Bxf4 19. gxf4 Ng6 20. Rxe8+ Qxe8
21. Qd4 Qf7 22. Bf1 a6 23. a4 bxa4 24. Qb6 Ne8 25. Rxa4 Bd7 26. Rd4 a5 27. Qb7 Rc8 28. Qa7 Rc5 29. Qb6 Qe7 30. Ba6 a4
31. Qb4 Rc7 32. Bf1 Nf6 33. Nxa4 Rc1 34. Qd2 Ra1 35. Nc3 Nh5 36. Be3 Qe8 37. Kf2 Nh4 38. Qe2 Ng6 39. Rb4 h6 40. b3 Kh7
41. Rd4 Nh4 42. b4 Nf6 43. Rd1 Ra3 44. Bd4 Qf7 45. Qb2 Ra8 46. Re1 Rc8 47. b5 Nxd5 48. Qb3 Nxf3 49. Qxd5 Qxd5 50. Nxd5 Nxd4
51. Nb6 Rc2+ 52. Ke3 Bxb5 53. Kxd4 Bxf1 54. Rxf1 Rd2+ 55. Ke3 Rxh2=
1/2-1/2

[Event "Daro"]
[Site "SchemingMind.com"]
[Date "2016.11.23"]
[Round "-"]
[White "frankly"]
[Black "Robert Bruce"]
[Result "1-0"]
[WhiteCountry "ENG"]
[BlackCountry "SCO"]
[WhiteElo "2504"]
[WhiteRD "58"]
[BlackElo "2344"]
[BlackRD "63"]
[GameID "406634"]

1. d4 d5 2. Nf3 Bf5 3. c4 e6 4. Nc3 Bb4 5. cxd5 exd5 6. Bg5 Ne7 7. e3 f6 8. Bf4 Nbc6 9. Rc1 h5 10. Bg3 Qd7
11. a3 Bd6 12. Bxd6 Qxd6 13. Nd2 O-O-O 14. b4 b6 15. Ba6+ Kb8 16. Be2 h4 17. h3 Rdg8 18. Qa4 g5 19. Nf3 Bc8 20. Nb5 Qd8
21. Rc2 Bf5 22. Rc3 Bc8 23. Nxc7 Qxc7 24. b5 Bb7 25. bxc6 Rc8 26. Qb3 Nxc6 27. Qxd5 Na5 28. Rxc7 Bxd5 29. Rxc8+ Rxc8 30. O-O Rc2
31. Bd3 Rc3 32. Bg6 Rxa3 33. e4 Bb7 34. e5 Bxf3 35. gxf3 fxe5 36. dxe5 Nc6 37. e6 Ne7 38. Be4 Kc8 39. Rd1 Rc3 40. Rd7 Rc2
41. Bxc2
1-0

[Event "Daro"]
[Site "SchemingMind.com"]
[Date "2017.01.17"]
[Round "-"]
[White "frankly"]
[Black "clare1347"]
[Result "1-0"]
[WhiteCountry "ENG"]
[BlackCountry "ENG"]
[WhiteElo "2506"]
[WhiteRD "59"]
[BlackElo "2233"]
[BlackRD "84"]
[GameID "409272"]

1. d4 d5 2. Nf3 Bf5 3. c4 e6 4. cxd5 exd5 5. Nc3 Nc6 6. Bf4 Nf6 7. e3 Ne4 8. Bd3 Nxc3 9. bxc3 Bxd3 10. Qxd3 Bd6
11. Bxd6 Qxd6 12. O-O O-O 13. c4 Ne7 14. cxd5 Nxd5 15. a4 Rfe8 16. Rfc1 c6 17. a5 f6 18. Rab1 Rab8 19. Nd2 Nc7 20. h3 Qd5
21. e4 Qd6 22. Qc4+ Kh8 23. d5 Qf4 24. dxc6 Qxd2 25. cxb7 Ne6 26. Qa6 Qd7 27. Qxa7 Nf4 28. Qe3 Nxg2 29. Kxg2 Rxb7 30. a6 Ra7
31. Rb6 h6 32. Rcb1 Kh7 33. Rb7 Rxb7 34. axb7 Rb8 35. Qb6 Qd3 36. Rb4 Qd7 37. Qb5 Qc7 38. Rb3 Qe7 39. Qc6 Qe5 40. Rb5 Qe7
41. Kg1
1-0

[Event "Daro"]
[Site "SchemingMind.com"]
[Date "2017.01.18"]
[Round "-"]
[White "clare1347"]
[Black "frankly"]
[Result "0-1"]
[WhiteCountry "ENG"]
[BlackCountry "ENG"]
[WhiteElo "2233"]
[WhiteRD "84"]
[BlackElo "2506"]
[BlackRD "59"]
[GameID "409273"]

1. e4 c5 2. Nf3 Nc6 3. d4 cxd4 4. Nxd4 e5 5. Nb5 d6 6. N1c3 Nf6 7. Nd5 Nxd5 8. exd5 Ne7 9. c4 Ng6 10. Bd3 a6
11. Nc3 Be7 12. O-O O-O 13. Bxg6 hxg6 14. a4 Bd7 15. Be3 Rc8 16. b3 g5 17. a5 g4 18. Na4 Bxa4 19. Rxa4 f5 20. Qd3 Qe8
21. Rb4 Rc7 22. Bb6 e4 23. Qe3 Rd7 24. h3 gxh3 25. Qxh3 Bg5 26. Ra4 Bf4 27. g3 Rf6 28. Ra2 Rdf7 29. Re1 Rh6 30. Qg2 Rff6
31. Kf1 Qh5 32. Be3 Bxe3 33. fxe3 Rh8 34. Rf2 Rfh6 35. c5 Qg5
0-1